000 00543nam a2200145Ia 4500
008 100204s9999 xx 000 0 und d
082 _b3291
100 _aभट वसंत दामोदर
245 _aकुंडली तंत्र आणि मंत्र
260 _b"मीना वसंत भट , पुणे"
_c1976 3
300 _a140
630 _aकुंडली तंत्र आणि मंत्र
730 _aकुंडली तंत्र आणि मंत्र
942 _cBOOK
999 _c448252
_d448249